Llwytho...

Indian economy towards 2000 A D

Manylion Llyfryddiaeth
Prif Awdur: Mahajan, V S
Fformat: Printed Book
Iaith:Undetermined
English
Cyhoeddwyd: New Delhi Deep and Deep Publication 1994
Pynciau:
LEADER 00737nam a2200205Ia 4500
008 140306s9999 xx 000 0 und d
020 |a 8171003958 
041 |a eng 
082 |a 330.9  |b MAH/IN 
100 |a Mahajan, V S 
245 |a Indian economy towards 2000 A D 
260 |a New Delhi  |b Deep and Deep Publication  |c  1994 
300 |a 248 
365 |b Rs. 225 
650 |a development 
650 |a Planning 
942 |2 ddc  |c BK 
999 |c 180305  |d 180305 
952 |0 0  |1 0  |2 ddc  |4 0  |6 330_900000000000000_MAH_IN  |7 0  |9 185710  |a KAUCBV  |b KAUCBV  |d 2004-06-02  |g 225.00  |o 330.9 MAH/IN  |r 2014-03-22  |w 2014-03-22  |y BK 
952 |0 0  |1 0  |2 ddc  |4 0  |6 330_900000000000000_MAH_IN  |7 0  |9 185711  |a KAUCBV  |b KAUCBV  |d 2004-06-02  |g 225.00  |o 330.9 MAH/IN  |r 2014-03-22  |w 2014-03-22  |y BK